Street Fighter 2 Characters - Statistics

General Stats
  • This quiz has been taken 20,974 times
  • The average score is 8 of 12
Answer Stats
Character % Correct
Ryu
95%
Ken
93%
Chun-Li
84%
Blanka
73%
Guile
70%
M. Bison
70%
Vega
66%
E. Honda
63%
Dhalsim
62%
Zangief
62%
Sagat
55%
Balrog
52%
No matching quizzes found
Score Distribution
Percent of People with Each Score
Percentile by Number Answered
Your Score History
You have not taken this quiz